Biplabi Purna Chandra Das/ (Record no. 167150)

MARC details
000 -LEADER
fixed length control field 00666nam a22001937a 4500
005 - DATE AND TIME OF LATEST TRANSACTION
control field 20190822145116.0
010 ## - LCCN (DPL NO)
LC control number ENG-126274
020 ## - INTERNATIONAL STANDARD BOOK NUMBER
Terms of availability 150.00
International Standard Book Number 978-93-84566-18-0
035 ## - SYSTEM CONTROL NUMBER
System control number EN-109806
037 ## - SOURCE OF ACQUISITION
Source of stock number/acquisition DBAD/PUB
082 ## - DEWEY DECIMAL CLASSIFICATION NUMBER
Classification number 920
100 ## - MAIN ENTRY--PERSONAL NAME
Personal name Chakravortty, Panchanan
245 ## - TITLE STATEMENT
Title Biplabi Purna Chandra Das/
Statement of responsibility, etc by Panchanan Chakravortty
260 ## - PUBLICATION, DISTRIBUTION, ETC. (IMPRINT)
Place of publication, distribution, etc Kolkata
Name of publisher, distributor, etc Institute Of Social And Cultural Studies
Date of publication, distribution, etc 2017
270 ## - ADDRESS
City Kolkata
Address 48/2, Dr. Suresh Sarkar Road Kolkata
Postal code 700014
Telephone number 033-65339003
Electronic mail address iscskol@gmail.com
300 ## - PHYSICAL DESCRIPTION
Extent 88p.
Dimensions 21cm(pbk)
700 ## - ADDED ENTRY--PERSONAL NAME
Personal name edited by Asim Pada Chakrabarti [and] Goutam Biswas
942 ## - ADDED ENTRY ELEMENTS (KOHA)
Source of classification or shelving scheme Dewey Decimal Classification
Item type English Books
Classification part 920
Call number suffix CHA
Holdings
Withdrawn status Lost status Not for loan Collection code Home library Current library Date acquired Source of acquisition Cost, normal purchase price Full call number Barcode Copy number Cost, replacement price Koha item type
      Non-fiction Ashok Vihar Ashok Vihar 22/08/2019 DBAD/PUB 150.00 920 CHA EN-109806 1 150.00 English Books

© Delhi Public Library
Hit Counter
free hit counter